| 000 | 00469nam a2200193Ia 4500 | ||
|---|---|---|---|
| 008 | 170918s9999 xx 000 0 und d | ||
| 020 | _a590428837 | ||
| 050 | _bD295 1985 | ||
| 100 | _aDeClements, Barthe | ||
| 245 | _aSixth grade can really kill you / | ||
| 245 | _cby Barthe DeClements. | ||
| 260 | _aNew York : | ||
| 260 | _bApple Paperbacks, | ||
| 260 | _c1985 | ||
| 300 | _a146 pages : | ||
| 300 | _billustrations ; | ||
| 300 | _c19cm. | ||
| 500 | _a700 | ||
| 999 |
_c343948 _d343948 |
||